000 01201cad a22002055a 4500
001 L157875
008 130621s2013 xxk f 000 0 eng d
035 _a(Sirsi) u157875
041 0 _aeng
110 2 _aUnited Kingdom
_bDepartment of Energy and Climate Change
_95850
245 0 0 _aFinal Project Report
_bAn investigation of the effect of EPC ratings on house prices
_h[electronic resource]
260 _aLondon
_bDECC
_c2013
520 _aResearch released by DECC shows that making energy saving improvements to residential property could increase its value by 14% on average and up to 38% in some parts of England. The study involved examining details of transactions from 1995 to 2011 for over 325 950 dwellings. For an average home in the country, improving its EPC from band G to E, or from band D to B, could mean adding more than £16 000 to the sale price of the property.
590 _aKA
651 4 _aEngland
690 _aEnergy
_96237
690 _aSustainability
_96271
856 4 0 _uhttps://www.gov.uk/government/uploads/system/uploads/attachment_data/file/207196/20130613_-_Hedonic_Pricing_study_-_DECC_template__2_.pdf
_zView the item free of charge at www.gov.uk
942 _n0
999 _c115011
_d115011